Ultrasound : (Record no. 120451)
[ view plain ]
| 000 -LEADER | |
|---|---|
| fixed length control field | 00912cam a2200289 i 4500 |
| 008 - FIXED-LENGTH DATA ELEMENTS--GENERAL INFORMATION | |
| fixed length control field | |
| 020 ## - INTERNATIONAL STANDARD BOOK NUMBER | |
| International Standard Book Number | 9780323086189 (hardback) |
| 040 ## - CATALOGING SOURCE | |
| Original cataloging agency | NUST |
| Transcribing agency | NUST |
| 049 ## - LOCAL HOLDINGS (OCLC) | |
| Holding library | MAIN |
| 090 ## - LOCALLY ASSIGNED LC-TYPE CALL NUMBER (OCLC); LOCAL CALL NUMBER (RLIN) | |
| Classification number (OCLC) (R) ; Classification number, CALL (RLIN) (NR) | RC78.7.U4 |
| Local cutter number (OCLC) ; Book number/undivided call number, CALL (RLIN) | HER |
| 003 - CONTROL NUMBER IDENTIFIER | |
| control field | |
| 005 - DATE AND TIME OF LATEST TRANSACTION | |
| control field | 20230120204301.0 |
| 100 1# - MAIN ENTRY--PERSONAL NAME | |
| Personal name | Hertzberg, Barbara S., |
| Relator term | author. |
| 245 10 - TITLE STATEMENT | |
| Title | Ultrasound : |
| Remainder of title | the requisites / |
| Statement of responsibility, etc. | Barbara S. Hertzberg & William D. Middleton. |
| 250 ## - EDITION STATEMENT | |
| Edition statement | Third edition. |
| 260 ## - PUBLICATION, DISTRIBUTION, ETC. | |
| Place of publication, distribution, etc. | Philadelphia : |
| Name of publisher, distributor, etc. | Elsevier, |
| Date of publication, distribution, etc. | 2016. |
| 300 ## - PHYSICAL DESCRIPTION | |
| Extent | xv, 612 pages : |
| Other physical details | illustrations (some colour) ; |
| Dimensions | 28cm. |
| 336 ## - CONTENT TYPE | |
| Content type term | text |
| Content type code | txt |
| Source | rdacontent |
| 337 ## - MEDIA TYPE | |
| Media type term | unmediated |
| Media type code | n |
| Source | rdamedia |
| 338 ## - CARRIER TYPE | |
| Carrier type term | volume |
| Carrier type code | n |
| Source | rdacarrier |
| 490 ## - SERIES STATEMENT | |
| Series statement | Requisites. |
| 650 #0 - SUBJECT ADDED ENTRY--TOPICAL TERM | |
| Topical term or geographic name entry element | Ultrasonic imaging. |
| 650 12 - SUBJECT ADDED ENTRY--TOPICAL TERM | |
| Topical term or geographic name entry element | Ultrasonography. |
| 700 1# - ADDED ENTRY--PERSONAL NAME | |
| Personal name | Middleton, William D., |
| Relator term | author. |
| 907 ## - LOCAL DATA ELEMENT G, LDG (RLIN) | |
| a | .b10383815 |
| b | 17-01-23 |
| c | 25-09-17 |
| 942 ## - ADDED ENTRY ELEMENTS (KOHA) | |
| Koha item type | Ordinary Loan Books |
| Call number prefix | RC78.7.U4 |
| Call number suffix | HER |
| Date last seen | Total Checkouts | Full call number | Barcode | Cost, replacement price | Price effective from | Koha item type | Lost status | Source of classification or shelving scheme | Damaged status | Not for loan | Collection | Withdrawn status | Home library | Current library | Shelving location | Date acquired | Cost, normal purchase price |
|---|---|---|---|---|---|---|---|---|---|---|---|---|---|---|---|---|---|
| 01/20/2023 | RC78.7.U4 HER | 92004047976 | 80.00 | 01/20/2023 | BOOKS | LCC | NFIC | Medical | Medical | GEN | 01/20/2023 | 80.00 |